Les Simpson - Milhouse - Statistiques

Statistiques générales
  • Ce quiz a été pris 57 fois
  • Le résultat moyen est 4 sur 10
Statistiques - réponses
Question Réponse % Correct
De quelle couleur sont ses lunettes ? rouges
100%
Quelle langue ne parle-t-il pas ? le portugais
64%
Quel est son deuxième prénom ? Mussolini
57%
Où a-t-il déménagé avec sa mère lors d'un épisode ? à Capital City
43%
À quoi n'est-il pas allergique ? au citron
43%
D'après le psychologue de l'école, quelle tendance présenterait-il ? une tendance homosexuelle
36%
Pour combien veut-il revendre son âme à Bart après la lui avoir achetée pour seulement 5 $ ? 50 $
29%
Quel jour est-il né ? un 1er juillet
21%
Comment s’appelait sa première petite amie ? Samantha
14%
Pour quelle raison principale est-il dit qu'ils sont amis avec Bart ? ils habitent très proche l'un de l'autre
7%
Aucun quiz correspondant
Distribution des résultats
% des personnes avec chaque résultat
Percentile par nombre de réponses
Votre historique - résultats
Vous n’avez pas pris ce quiz